<?xml version="1.0" encoding="UTF-8"?>
<marc:record xmlns:marc="http://www.loc.gov/MARC21/slim">
   <marc:leader>00000nam a2200000 a 4500</marc:leader>
   <marc:datafield ind1="1" ind2=" " tag="100">
      <marc:subfield code="a">Schneider, Antonie ::[VerfasserIn]::</marc:subfield>
      <marc:subfield code="4">aut</marc:subfield>
      <marc:subfield code="e">Verfasser/-in</marc:subfield>
   </marc:datafield>
   <marc:datafield ind1="1" ind2=" " tag="100">
      <marc:subfield code="a">Walczyk, Jana :</marc:subfield>
   </marc:datafield>
   <marc:datafield ind1=" " ind2=" " tag="653">
      <marc:subfield code="a">Bilderbuch</marc:subfield>
   </marc:datafield>
   <marc:datafield ind1="0" ind2="0" tag="245">
      <marc:subfield code="a">Ich kann's!, sagte der kleine Spatz</marc:subfield>
   </marc:datafield>
   <marc:datafield ind1="0" ind2="0" tag="245">
      <marc:subfield code="c">Antonie Schneider ; Jana Walczyk</marc:subfield>
   </marc:datafield>
   <marc:datafield ind1=" " ind2="1" tag="264">
      <marc:subfield code="a">Salzburg</marc:subfield>
      <marc:subfield code="b">Residenz Verlag</marc:subfield>
      <marc:subfield code="c">2020</marc:subfield>
   </marc:datafield>
   <marc:datafield ind1=" " ind2=" " tag="250">
      <marc:subfield code="a">1. Auflage</marc:subfield>
   </marc:datafield>
   <marc:datafield ind1="1" ind2=" " tag="520">
      <marc:subfield code="a">Der kleine Spatz sitzt inmitten einer blühenden Wiese und versichert seiner Mutter, dass er fliegen kann. Doch die Vogelmutter hat Angst um ihren kleinen Spatz und bittet ihn, das Fliegen zunächst bis zum nächsten Baum zu versuchen. Und wieder zum nächsten Baum. Der kleine Spatz hat aber ganz andere Ziele: Er möchte über das grosse weite Meer fliegen. So entfernt sich der Vogel immer weiter vom sicheren Nest, entdeckt dabei einen Teich und beschliesst, dieses grosse Meer am nächsten Tag zu überfliegen. Wie stolz werden dann alle auf ihn sein! Nach einer gefahrvollen Nacht am Ufer breitet der Spatz seine Flügel aus und fliegt glücklich los - bis ihn die Kräfte verlassen und er von einem Schwan ans sichere Ufer gebracht wird. Als das Heimweh immer stärker wird, fliegt der Spatz zu seinem Nest zurück und berichtet den anderen Tieren von seinen Abenteuern. - Zu dieser mutmachenden Geschichte zum Thema "Halt geben - Zutrauen - Loslassen" hat die Illustratorin und Grafikerin J. Walczyk seitenfüllende Bildwelten in kräftigen Farben geschaffen. Empfohlen. Ab 4</marc:subfield>
   </marc:datafield>
   <marc:datafield ind1=" " ind2=" " tag="020">
      <marc:subfield code="a">9783707452358</marc:subfield>
      <marc:subfield code="9">9783707452358</marc:subfield>
   </marc:datafield>
   <marc:datafield ind1=" " ind2=" " tag="020">
      <marc:subfield code="a">3707452352</marc:subfield>
      <marc:subfield code="9">3707452352</marc:subfield>
   </marc:datafield>
   <marc:datafield ind1="3" ind2=" " tag="024">
      <marc:subfield code="a">9783707452358</marc:subfield>
   </marc:datafield>
   <marc:datafield ind1="0" ind2=" " tag="490">
      <marc:subfield code="v">0</marc:subfield>
   </marc:datafield>
   <marc:datafield ind1=" " ind2=" " tag="300">
      <marc:subfield code="a">26 ungezählte Seiten</marc:subfield>
   </marc:datafield>
</marc:record>
